00295nam a2200109Ia 4500008004100000020001500041082001500056100002000071245003300091260005300124300000800177161229s9999 xx 000 0 und d a007Y850127 a658 ALL/MA aAllen, Louis.A. aManagement and organization  bMcgraw Hill Book Company LimitedaAucklandc1958 a353